| 000 | 00933nas a2200277 454500 | ||
|---|---|---|---|
| 001 | 27202 | ||
| 005 | 20260407193507.0 | ||
| 008 | 260407s1987####ag###########|||spa#d | ||
| 003 | AR-UNSa-BCEJYS | ||
| 040 |
_aAR-UNSa-BCEJYS _bspa _cAR-UNSa-BCEJYS |
||
| 080 |
_a314 _xDemografía. Estudios de población |
||
| 245 | 1 | 0 |
_aCuadernos del Gredes _pgrupo de estudios socio-demograficos |
| 022 | _a0327-4055 | ||
| 264 | 1 |
_aSalta : _bUniversidad Nacional de Salta _c1987 |
|
| 310 | _aFrecuencia: Irregular | ||
| 942 | _cSER | ||
| 590 | _aniveau_biblio:s niveau_hierar:1 | ||
| 100 | 1 | _aBoleda, Mario | |
| 650 | _aDistribución por edad | ||
| 650 | _aDistribución por sexo | ||
| 650 | _aCenso de población | ||
| 650 | _aDatos estadísticos | ||
| 650 | _aDemografía | ||
| 650 | _aCrecimiento demográfico | ||
| 856 | 4 | 1 |
_uhttps://biblioeco.unsa.edu.ar/pmb/images/revistas/Cuadernos del Gredes-rr13167.jpg _yImagen de portada _qimage/jpeg |
| 999 |
_c8619 _d8619 |
||